On-line dictionary: español inglés;English Spanish
Guardat en:
| Autor principal: | |
|---|---|
| Format: | Llibre |
| Idioma: | anglès espanyol |
| Publicat: |
Buenos Aires
Sudamericana
1996
|
| Col·lecció: | Multimedia Auzou
|
| Matèries: | |
| Etiquetes: |
Afegir etiqueta
Sense etiquetes, Sigues el primer a etiquetar aquest registre!
|
MARC
| LEADER | 00000nam a2200000 a 4500 | ||
|---|---|---|---|
| 001 | UCR7310 | ||
| 003 | CL-VaPUC | ||
| 008 | 980514e19960000AG |||||||||||||||||eng|d | ||
| 041 | 0 | 7 | |a eng |2 CL-VaPUC |
| 041 | 0 | 7 | |a spa |2 CL-VaPUC |
| 082 | 0 | 4 | |a 463.21 |b GAR |2 21 |
| 100 | |a García-Pelayo y Gross, Fernando |e author |9 529405 | ||
| 245 | 1 | 0 | |a On-line dictionary: español inglés;English Spanish |
| 300 | |a 1116 p | ||
| 942 | |c BK | ||
| 945 | |d 19980514 00:00:00 |a mvenant | ||
| 260 | |a Buenos Aires |b Sudamericana |c 1996 | ||
| 500 | |a Contiene dos disquetes interactivos | ||
| 650 | 0 | |a Español |9 255372 | |
| 650 | 0 | |a Inglés |9 260023 | |
| 650 | 0 | |a Diccionarios |9 256200 | |
| 583 | |a last modification |c 19980514 00:00:00 |k Rodrigo Vera | ||
| 490 | 0 | |a Multimedia Auzou | |
| 999 | |c 269039 |d 269037 | ||
| 952 | |0 0 |1 0 |4 0 |6 463_210000000000000_GAR_1996 |7 0 |8 X |9 302627 |a BIBEDU |b BIBEDU |d 2019-11-20 |i 3425363 |l 1 |o 463.21 GAR 1996 |p 3425363 |r 2023-01-13 |s 2022-04-13 |w 2019-11-20 |y BK_X |k CIT | ||